| 000 | 01185 a2200217 4500 | ||
|---|---|---|---|
| 005 | 20080825122250.0 | ||
| 008 | 080825t xxu||||| |||| 00| 0 hin d | ||
| 010 | _aHIN-82995 | ||
| 020 |
_c160.00 _a9788190461566 |
||
| 035 | _aHN-55341 | ||
| 037 | _bपु.प्र.अ.प्र/प्रका | ||
| 082 | _a000 | ||
| 100 | _aगुप्ता, मुकेश | ||
| 245 |
_aभारत एवं विश्व सामान्य ज्ञान / _cमुकेश गुप्ता |
||
| 246 |
_aBharat evam vishwa samanya gyan _bby Mukesh Gupta |
||
| 260 |
_aजयपुर _bरवि बुक डिस्ट्रीब्यूटर्स _c2007 |
||
| 270 |
_a3795, मालपानी भवन बड़ का कुआँ, विष्णु मार्ग गणगौरी बाजार _bजयपुर _e2 |
||
| 300 |
_avi,153पृ _c22सेमी (सजिल्द) |
||
| 942 |
_adpl _cHN _k000 / गुप्तामु _2ddc _h000 _mगुप्तामु |
||
| 999 |
_c11470 _d11470 |
||